000 00868cam a22002531 4500
001 gs 07001544
003 DLC
005 20260227111307.0
008 800415s1907 cauab bi s000 0 eng
010 _ags 07001544
035 _a(OCoLC)6205042
040 _aDLC
_cTxCM
_dDLC
042 _apremarc
050 0 0 _aTN24.C2
_bA3 no. 46
051 _aTN24.C2
_bY22
_cCopy 2.
100 1 _aYale, Charles G.
245 1 0 _aGeneral index to publications of the California State Mining Bureau.
_cIssued by the State Mining Bureau.
260 _aSacramento,
_bW.W. Shannon, superintendent state printing,
_c1907.
300 _a54 p. incl. front. (map) illus.
410 2 0 _aCalifornia State Mining Bureau.
_tBulletin
_vno. 46
500 _aCompiled by Charles G. Yale.
650 0 _aMines and mineral resources
_zCalifornia.
650 0 _aGeology
_zCalifornia
_vBibliography.
999 _c24690
_d24690